NCT 127 - Limitless Album - Statistics

General Stats
  • This quiz has been taken 18 times
  • The average score is 5 of 6
Answer Stats
Answer % Correct
Limitless
94%
Baby Don't Like It
88%
Angel
71%
Back 2 U
71%
Good Thing
65%
Heartbreaker
65%
No matching quizzes found
Score Distribution
Percent of People with Each Score
Percentile by Number Answered
Your Score History
You have not taken this quiz